| 000 | 01506nam a22003134a 4500 | ||
|---|---|---|---|
| 001 | ebr10002953 | ||
| 003 | CaPaEBR | ||
| 006 | m u | ||
| 007 | cr cn||||||||| | ||
| 008 | 011005s2002 inu sb 001 0 eng | ||
| 010 | _z 2001006084 | ||
| 020 | _z0253340934 (cloth : alk. paper) | ||
| 040 |
_aCaPaEBR _cCaPaEBR |
||
| 035 | _a(OCoLC)614655407 | ||
| 050 | 1 | 4 |
_aBS500 _b.B75 2002eb |
| 082 | 0 | 4 |
_a220.6/092 _221 |
| 100 | 1 |
_aBrown, Robert E., _d1958- |
|
| 245 | 1 | 0 |
_aJonathan Edwards and the Bible _h[electronic resource] / _cRobert E. Brown. |
| 260 |
_aBloomington : _bIndiana University Press, _cc2002. |
||
| 300 | _axxi, 292 p. | ||
| 504 | _aIncludes bibliographical references (p. [271]-287) and index. | ||
| 505 | 0 | _aBibliophile -- Knowing and the historical mode -- Sacred history and the common sense -- Plain obvious sensible facts -- Sacred history and the "history" of religions -- Theology in the historical mode -- Denouement. | |
| 533 |
_aElectronic reproduction. _bPalo Alto, Calif. : _cebrary, _d2013. _nAvailable via World Wide Web. _nAccess may be limited to ebrary affiliated libraries. |
||
| 600 | 1 | 0 |
_aEdwards, Jonathan, _d1703-1758 _xContributions in biblical interpretation. |
| 630 | 0 | 0 |
_aBible _xCriticism, interpretation, etc. _zUnited States _xHistory _y18th century. |
| 655 | 7 |
_aElectronic books. _2local |
|
| 710 | 2 | _aebrary, Inc. | |
| 856 | 4 | 0 |
_uhttp://site.ebrary.com/lib/rucke/Doc?id=10002953 _zAn electronic book accessible through the World Wide Web; click to view |
| 999 |
_c2471 _d2471 |
||